| 000 | 00422nam a2200157Ia 4500 | ||
|---|---|---|---|
| 003 | GCL | ||
| 008 | 140319s9999 xx 000 0 eng d | ||
| 040 |
_aGCL / _cGCL |
||
| 082 | 0 | 4 |
_a823.7 _bM R |
| 100 | 1 | _aMACDONAGH, OLIVR | |
| 245 | 1 | 0 |
_aREALAND IMAGIND WORLDS / _cMACDONAGH, OLIVR |
| 260 |
_a[S.N] : _bYALE UNIVERSITY PRESS ، _c1991 |
||
| 300 | _a189 P | ||
| 650 | 0 | 4 | _aCRITICISM AND INTER PRETATION |
| 942 |
_2ddc _cBK |
||
| 999 |
_c23493 _d23493 |
||